| 000 | 00668nam a2200181 a 4500 | ||
|---|---|---|---|
| 001 | 000042528 | ||
| 005 | 20201002040220.0 | ||
| 008 | 140206s1999 sp a 000 0 spa d | ||
| 020 | _a8440691483 | ||
| 040 |
_aDO-SdBNP _bspa _cBNPHU |
||
| 100 | 1 |
_aSoler, Emilio _969747 |
|
| 245 | 1 | 3 |
_aLa aventura de Malaspina : _bla gran expedición expedición científica del siglo XVIII por las costas de América, las Filipinas y las islas del Pacífico / _cEmilio Soler. |
| 260 |
_aBarcelona, : _bEdiciones B, _c1999. |
||
| 300 |
_a351 p. ; _c24 cm. |
||
| 490 | 1 | _aBiblioteca Grandes Viajeros | |
| 504 | _aBibliografía p: 347-351 | ||
| 830 | 0 |
_aBiblioteca Grandes Viajeros _969748 |
|
| 999 |
_c42017 _d42017 |
||